000
00305nam a2200121Ia 4500
008
210430s9999 xx 000 0 und d
082
_a
620.11 T582 E
100
_a
R L Timings
245
_a
Engineering Materials Vol 1
_c
R L Timings
260
_a
UK
_b
Longman
_c
1998
300
_a
385p.
942
_c
BK
_2
ddc
999
_c
561948
_d
561948